Statistics for Fnaf ultimate animatronic quiz

Click here to take the quiz!

General Stats

  • This quiz has been taken 12 times
  • The average score is 72 of 130

Answer Stats

HintAnswer% Correct
bonnie
100%
chica
100%
foxy
100%
FNAF 1freddy
100%
golden freddy
100%
balloon boy
86%
ballora
86%
bonbon
86%
FNAF sister locationcircus baby
86%
ennard
86%
Fredbear's family dinerfredbear
86%
funtime foxy
86%
funtime freddy
86%
glamrock chica
86%
FNAF security breachglamrock freddy
86%
mangle
86%
marionette
86%
nightmare
86%
nightmare balloon boy
86%
nightmare bonnie
86%
nightmare chica
86%
nightmare foxy
86%
FNAF 4nightmare freddy
86%
shadow bonnie
86%
spring bonnie
86%
FNAF 3springtrap
86%
toy bonnie
86%
toy chica
86%
FNAF 2toy freddy
86%
withered bonnie
86%
withered chica
86%
withered foxy
86%
withered freddy
86%
dj music man
71%
FNAF 4 halloweenjack o bonnie
71%
jack o chica
71%
jj
71%
lefty
71%
lolbit
71%
montgomery gator
71%
moon
71%
nightmare fredbear
71%
nightmarionne
71%
phantom balloon boy
71%
phantom chica
71%
phantom foxy
71%
phantom freddy
71%
phantom mangle
71%
phantom marionette
71%
plushtrap
71%
rockstar bonnie
71%
rockstar chica
71%
rockstar foxy
71%
FFPSrockstar freddy
71%
roxanne wolf
71%
scrapbaby
71%
scraptrap
71%
security puppet
71%
shadow freddy
71%
sun
71%
yenndo
71%
bidybab
57%
bonnet
57%
candy cadet
57%
UCNdeedee
57%
FNAF VR: curse of dreadbeardreadbear
57%
el chip
57%
electrobab
57%
endo 01
57%
endo 02
57%
FNAF VR: help wantedglitchtrap
57%
happy frog
57%
helpy
57%
minireena
57%
nightmare mangle
57%
vanny
57%
withered golden freddy
57%
bucket bob
43%
burntrap
43%
cupcake
43%
eggbaby
43%
fruit punch clown
43%
funtime chica
43%
funtime cupcake
43%
jack o lantern
43%
map bot
43%
molten freddy
43%
mr can do
43%
mr hugs
43%
music man
43%
nightmare cupcake
43%
no 1 crate
43%
orville elephant
43%
pan stan
43%
prize king
43%
the blob
43%
toy cupcake
43%
xor
43%
freddles
29%
grimm foxy
29%
gumball swivelhands
29%
hand unit
29%
lemonade clown
29%
mr hippo
29%
neddbear
29%
paper pal
29%
pigpatch
29%
plushbaby
29%
staff bot
29%
wet floor bot
29%
dark foxy
14%
dark freddy
14%
little joe
14%
little music man
14%
magician
14%
neon bonnie
14%
neon chica
14%
nightmare endo
14%
nightmarionne bot
14%
party freddy
14%
rockstar parrot
14%
burnt foxy
0%
comedy bot
0%
paper bonnie
0%
paper freddy
0%
party bot
0%
plushkins
0%
scrap plushbaby
0%
shadow mangle
0%
springlock suit
0%

Score Distribution

Percentile by Number Answered

Percent of People with Each Score

Your Score History

You have not taken this quiz